| 000 | 00466nam a2200157Ia 4500 | ||
|---|---|---|---|
| 008 | 200619s9999 xx 000 0 und d | ||
| 020 | _a8187358367 | ||
| 082 | _a320.092DEV | ||
| 100 | _aHent de vries | ||
| 245 | 0 | _aPolitical Theologies-Public Religions in a post-secular world | |
| 264 |
_aNew Delhi _bSocial Science Press _c2007 |
||
| 300 | _a359 | ||
| 700 | _a Lawrenece E. Sullivan | ||
| 942 | _cIR | ||
| 999 |
_c119661 _d119661 |
||